00845 2200265 4500001002100000005001700021008004100038020001800079035002500097040001200122082002000134084002000154090002000174100002200194245007200216250001600288260004300304300002700347500009500374504003200469650002400501700002000525850001200545990002200557INLIS00000000000367920150409140613.0  a979-9943-24-8 a0010-041500000000745 aYOPDYOG aDEP 370.1 Ari P aDEP 370.1 Ari P aDEP 370.1 Ari P aARIF RAHMAN, 1967 aPolitik ideologi pendidikan /cArif Rahman ; editor Mohamad Zamsuri aed.1. Cet 1 aYogyakarta:bLaksbang Mediatama,c2009 axxii, 226 hlm.;b21 cm aDiterbitkan atas kerja sama Laksbang Mediatama dengan Kantor Advokat Hufron & Hans simaela aBibliografi : hlm 213 - 217 aFilsafat Pendidikan aMohamad Lamsuri aYOPDYOG aCB-D.11 2009-1990